ՄԱՅՐ ԱԹՈՌ ՍՈՒՐԲ ԷՋՄԻԱԾԻՆ

«ՎԱՉԵ ԵՎ ԹԱՄԱՐ ՄԱՆՈՒԿՅԱՆ» ՄԱՏԵՆԱԴԱՐԱՆ

Հայոց գիր և գրչություն: / (Record no. 66916)

MARC details
000 -LEADER
fixed length control field 03498nam a22002657a 4500
003 - CONTROL NUMBER IDENTIFIER
control field SEM
005 - DATE AND TIME OF LATEST TRANSACTION
control field 20220608073801.0
008 - FIXED-LENGTH DATA ELEMENTS--GENERAL INFORMATION
fixed length control field 170718b xxu||||| |||| 00| 0 arm
040 ## - CATALOGING SOURCE
Original cataloging agency
Transcribing agency
041 0# - LANGUAGE CODE
Language code of text/sound track or separate title arm.
080 ## - UNIVERSAL DECIMAL CLASSIFICATION NUMBER
Universal Decimal Classification number 930.27(47.925)/Ա-16
100 1# - MAIN ENTRY--PERSONAL NAME
Personal name Աբրահամյան Աշոտ Գարեգինի
Dates associated with a name (1903-1983)
245 14 - TITLE STATEMENT
Title Հայոց գիր և գրչություն: /
Statement of responsibility, etc. Ա. Աբրահամյան; Խմբ.` Պ.Մուրադյան; ԵՊՀ
246 11 - VARYING FORM OF TITLE
Title proper/short title Армянское письмо и письменность.
260 ## - PUBLICATION, DISTRIBUTION, ETC.
Place of publication, distribution, etc. Երևան:
Name of publisher, distributor, etc. Երևանի համալս. հրատ.,
Date of publication, distribution, etc. 1973.
300 ## - PHYSICAL DESCRIPTION
Extent 374 էջ;
Other physical details նկ., աղյս.;
Dimensions 27 սմ.
500 ## - GENERAL NOTE
General note [Նախաքրիստոնեական հայ մատենագրության հարցը: Այլ նշանագրերով և լեզուներով Հայաստանում գրված հուշարձաններ: Հայոց գրի ստեղծումը: Հայկական գրատեսակները և նրանց գործածության մոտավոր ժամանակը - Հայկական գրատեսակների խմբավորումը: Մեսրոպյան բոլորգիծ, միջին մեսրոպյան և ուղղագիծ երկաթագրերը: Բոլորգիր: Նոտրգիր և շղագիր: Հայ գրչության հնագույն նմուշները: Թվանշանների գործածությունը: Տոմար: Թվականները և նրանց վերծանության սկզբունքները - Քրիստոնեական թվականի վերածնությունը: Հայկական մեծ թվականի վերածնությունը: Հայկական փոքր թվականի վերածնությունը: Ազարիա Ջուղայեցու թվականի վերածնությունը: Ծռազատկի կարևորությունը ժամանակագրական ճշտումներ կատարելու գործում: Արարչության թվականների վերածնությունը: Ոլիմպիական թվականի վերածնությունը: Հռոմեական թվականի վերածնությունը: Վրաց քրոնիկոնը: Հոբելյան թվականի վերածնությունը: Ինդիկտիոնի թվականի վերածնությունը: Դիոկղետիանոսի թվականի վերածնությունը: Սելևկյան թվականի վերածնությունը: Բեսեքիստոնի, իդոսի, տգոնի և նոնոս կոչվող թվականների վերածնությունը: Հիջրայի թվականի վերածնությունը: Գրիգորյան տոմարը: Առեղծվածագիր թվականների վերածնությունը: Կետադրության և առոգանության նշաններ: Կապգրություն: Համառոտագրություն: Նշանգիրք իմաստնոց: Գաղափարագրություն: Ծածկագրություն: Գրանյութը գրենական պիտույքները: Աղճատումներ և աղավաղումներ: Ովքե՞ր են գրիչները և ի՞նչ պայմաններում են նրանք աշխատել:]
504 ## - BIBLIOGRAPHY, ETC. NOTE
Bibliography, etc. note Ցանկեր` էջ 362-371
650 ## - SUBJECT ADDED ENTRY--TOPICAL TERM
Topical term or geographic name entry element Հայ գրի պատմություն
650 ## - SUBJECT ADDED ENTRY--TOPICAL TERM
Topical term or geographic name entry element Հայ գրչության պատմություն
650 ## - SUBJECT ADDED ENTRY--TOPICAL TERM
Topical term or geographic name entry element Գիր
General subdivision պատմություն
Geographic subdivision Հայաստան
700 1# - ADDED ENTRY--PERSONAL NAME
Personal name Մուրադյան Պարույր
Relationship խմբ.
Relator term edt.
710 2# - ADDED ENTRY--CORPORATE NAME
Corporate name or jurisdiction name as entry element Երևանի պետական համալսարան
942 ## - ADDED ENTRY ELEMENTS (KOHA)
Source of classification or shelving scheme Universal Decimal Classification
Koha item type Գրքեր/Books
Holdings
Withdrawn status Lost status Source of classification or shelving scheme Damaged status Not for loan Collection code Home library Current library Date acquired Cost, normal purchase price Inventory number Total Checkouts Full call number Barcode Date last seen Price effective from Koha item type Public note Date last checked out
    Universal Decimal Classification     Գրապահոց Մայր Աթոռ Սուրբ Էջմիածին «Վաչե և Թամար Մանուկյան» Մատենադարան Մայր Աթոռ Սուրբ Էջմիածին «Վաչե և Թամար Մանուկյան» Մատենադարան 18/07/2017 1500.00 27205   930.27(47.925)/Ա-16 27205 18/07/2017 08/06/2022 Գրքեր/Books Սպասարկվում է ընթերցասրահ  
    Universal Decimal Classification     Գրապահոց Մայր Աթոռ Սուրբ Էջմիածին «Վաչե և Թամար Մանուկյան» Մատենադարան Մայր Աթոռ Սուրբ Էջմիածին «Վաչե և Թամար Մանուկյան» Մատենադարան 29/08/2017 1500.00 1432   930.27(47.925)/Ա-16 1432 29/08/2017 29/08/2017 Գրքեր/Books Սպասարկվում է ընթերցասրահ  
    Universal Decimal Classification     Գրապահոց Մայր Աթոռ Սուրբ Էջմիածին «Վաչե և Թամար Մանուկյան» Մատենադարան Մայր Աթոռ Սուրբ Էջմիածին «Վաչե և Թամար Մանուկյան» Մատենադարան 29/08/2017 1500.00 27342 1 930.27(47.925)/Ա-16 27342 02/11/2023 29/08/2017 Գրքեր/Books Սպասարկվում է 30 օր 23/10/2023